00471nam a2200169Ia 4500008004100000020001800041041000800059082001600067100001200083245008200095260004600177300000900223440000600232500002600238650002500264700001200289230125s9999 xx 000 0 und d a9789350294314 aeng a658.15bLAM aLamba A aRomancing The Balance Sheet: For Anyone Who Owns, Runs Or Manages A Business. c2016bHarper Collins PublishersaNoida,Up a238p v1 aFinancial Management; aFinancial Management aLamba A